Lusophone Nations - Statistics

General Stats
  • This quiz has been taken 181 times
  • The average score is 7 of 8
Answers on the Map
Answers color-coded by a green-red scale on the quiz's map according to % correct below.
 
Answer Stats
Country % Correct
Brazil
99%
Portugal
99%
Angola
97%
Mozambique
96%
Cape Verde
92%
East Timor
90%
São Tomé and Príncipe
86%
Guinea-Bissau
78%
No matching quizzes found
Score Distribution
Percent of People with Each Score
Percentile by Number Answered
Your Score History
You have not taken this quiz